000 00464nam a2200193Ia 4500
003 GCL
008 140319s9999 xx 000 0 eng d
020 _a974.2020108
040 _aGCL /
_cGCL
082 0 4 _a746.14
_bS T
100 1 _aSHARPLES, JENNIFER
245 1 0 _aTHAI SILK /
_cSHARPLES, JENNIFER
260 _a[S.N] :
_bPOST BOOKS ،
_c1999
300 _a28 CM ؛
_c179 P
650 0 4 _aTEXTILE
650 0 4 _aCOSTUMES
650 0 4 _aSILK
942 _2ddc
_cBK
999 _c1776
_d1776